000 00999cam a2200217 i 4500
020 _a0309025087 :
082 0 0 _a625.84
_bWEB
_cD.
100 1 _aWeber, William G.
_943862
245 1 0 _aRapid measurement of concrete pavement thickness and reinforcement location :
_bfield evaluation of nondestructive systems /
_cW. G. Weber, Jr., R. L. Grey, and P. D. Cady.
260 _aWashington :
_bTransportation Research Board, National Research Council,
_c1976.
300 _a63 p. :
_bill. ;
_c28 cm.
490 1 _aReport - National Cooperative Highway Research Program ; 168
500 _a"Research sponsored by the American Association of State Highway and Transportation Officials in cooperation with the Federal Highway Administration."
526 _a0
_b0
_c0
_d625_840000000000000_WEB
650 0 _aMCE
_9379
650 0 _aNondestructive testing.
_938315
650 0 _aPavements, Concrete
_xTesting.
_943863
700 1 _aCady, P. D.
_943864
700 1 _aGrey, Richard L.,
_943865
942 _2ddc
_cBK
999 _c547721
_d547721